000 00808cab a2200193 4500
001 ##L133931
008 060621n2006 000 0 eng u
035 _a(Sirsi) u133931
041 0 _aeng
100 1 _aStevens, Alex
245 0 0 _aBe in the loophole
260 _c2006
490 0 _aEstates Gazette
_v(0624) 17 June 2006, 172-173(2)
520 _aLooks at ways in which companies in the City of London have reduced their business rates payments by exploiting loopholes in the legislation relating to rate liability. Considers whether the skill of the rating surveyor can continue to make savings for companies with the 2005 changes to the rating system.
590 _aIKA040706
651 4 _aCITY OF LONDON
690 _aPROPERTY-PROPERTY VALUATION AND APPRAISAL-TAXATION VALUATION
942 _n0
999 _c77266
_d77266